00556nam a2200205 a 4500001001300000003000900013005001700022008004100039020001000080082001600090100002300106245005700129260003700186300000900223500003500232505001700267650002400284650001900308700002300327nice12345678IN_TiNIC20260116011440.0050524s1895 lona grp 000 0 eng  ac10000a934.02bRAG aRagozin, Zenaide A aVedic Indiab as Embodied Principally in the Rig-Vda aLondonbT.Fisher Unwin Ltdc1895 a457p aincludes index and biblioraphy2 aIndex, Illus aIndia-Ancient Vedic aVedic Religion1 aRagozin, Zenaide A